000 00798nam a2200253 a 4500
003 DO-SdBNP
005 20240305124236.0
007 ta
008 221115e2021 dr |||er|||| 001 pdspa d
020 _a9789945627985
040 _aDO-SdBNP
_bspa
_cBNPHU
082 4 _222
_bS587n
100 1 _aSilverio, Leo
_975122
245 1 0 _aNo tan sacro:
_bde la muerte & otros temas. microrelatos. /
_cLeo Silverio
246 1 3 _aMicrorelatos
260 _aSanto Domingo :
_bSantuario,
_c2021
300 _a109 p. ;
_c23 cm.
500 _aIncluye datos biográficos del autor en las solapas de las cubiertas.
590 _aInventariado 2022 / MF
650 4 _982741
_aLiteratura
_xRelatos
_zRepública Dominicana
650 4 _98943
_aRelatos
_xRepública Dominicana
910 _aMFeliz
942 _2ddc
_cLBS1
999 _c52943
_d52943